| 000 | 00452nam a2200193Ia 4500 | ||
|---|---|---|---|
| 005 | 20240823015142.0 | ||
| 008 | 240823s9999||||xx |||||||||||||| ||und|| | ||
| 041 | _aENGLISH | ||
| 082 | _A621.381 P3 | ||
| 100 | _aNavneet Gupta | ||
| 245 | 0 | _aElectronics Engineering | |
| 250 | _a1st | ||
| 260 |
_c2003 _bDhanpat Rai & _aDelhi |
||
| 500 | _aYES | ||
| 650 |
_aElectronics _bElectronics |
||
| 700 | _a Sahdev S K | ||
| 942 | _cBK | ||
| 999 |
_c171758 _d171758 |
||